Bonifaz VIII. (1294 - 1303)

Saved in:  
Bibliographic Details
Main Author: Herde, Peter 1933- (Author)
Format: Print Book
Language:German
Subito Delivery Service: Order now.
Check availability: HBZ Gateway
Interlibrary Loan:Interlibrary Loan for the Fachinformationsdienste (Specialized Information Services in Germany)
Published: Stuttgart Hiersemann 2015-
In:Year: 2015
Series/Journal:Päpste und Papsttum 43
Standardized Subjects / Keyword chains:B Bonifatius, VIII., Pope 1230-1303
B Pope / History 1294-1303
Further subjects:B Pope
B Bonifatius VIII Pope (1230-1303)
B Bonifatius <Papst, VIII.>
B History 1294-1303

MARC

LEADER 00000cam a2200000 ca4500
001 1499645678
003 DE-627
005 20260212121441.0
007 tu
008 150422m20159999gw ||||| 00| ||ger c
016 7 |a 1070632015  |2 DE-101 
020 |a 9783777215075  |q (Erster und Zweiter Halbband) 
035 |a (DE-627)1499645678 
035 |a (DE-603)358438950 
035 |a (DE-576)429645678 
035 |a (DE-599)GBV822878097 
040 |a DE-627  |b ger  |c DE-627  |e rakwb 
041 |a ger 
044 |c XA-DE 
082 0 4 |a 230  |a 940 
084 |a 1  |2 ssgn 
084 |a BO 1225  |2 rvk  |0 (DE-625)rvk/13927: 
084 |a NV 2625  |2 rvk  |0 (DE-625)rvk/131763: 
084 |a NM 7260  |2 rvk  |0 (DE-625)rvk/126406: 
084 |a BO 4800  |2 rvk  |0 (DE-625)rvk/14489: 
100 1 |0 (DE-588)120091755  |0 (DE-627)080440819  |0 (DE-576)16139101X  |4 aut  |a Herde, Peter  |d 1933- 
109 |a Herde, Peter 1933- 
245 1 0 |a Bonifaz VIII. (1294 - 1303)  |c Peter Herde 
264 1 |a Stuttgart  |b Hiersemann  |c 2015- 
336 |a Text  |b txt  |2 rdacontent 
337 |a ohne Hilfsmittel zu benutzen  |b n  |2 rdamedia 
338 |a Band  |b nc  |2 rdacarrier 
490 0 |a Päpste und Papsttum  |v 43 
600 0 7 |0 (DE-588)118513257  |0 (DE-627)07931631X  |0 (DE-576)164956158  |a Bonifatius  |b VIII.  |c Papst  |d 1230-1303  |2 gnd 
648 7 |a Geschichte 1294-1303  |2 gnd 
650 0 7 |0 (DE-588)4044561-6  |0 (DE-627)10450157X  |0 (DE-576)209061464  |a Papst  |2 gnd 
650 4 |a Bonifatius <Papst, VIII.>  |7 (dpeaa)DE-2491 
689 0 0 |d p  |0 (DE-588)118513257  |0 (DE-627)07931631X  |0 (DE-576)164956158  |2 gnd  |a Bonifatius  |b VIII.  |c Papst  |d 1230-1303 
689 0 |5 DE-101 
689 1 0 |d s  |0 (DE-588)4044561-6  |0 (DE-627)10450157X  |0 (DE-576)209061464  |2 gnd  |a Papst 
689 1 1 |q z  |2 gnd  |a Geschichte 1294-1303 
689 1 |5 DE-101 
936 r v |a BO 1225  |b Papstgeschichte  |k Theologie und Religionswissenschaften  |k Patrologie und Kirchengeschichte  |k Hand- und Lehrbücher sowie Gesamtdarstellungen  |k Papstgeschichte  |0 (DE-627)1270743295  |0 (DE-625)rvk/13927:  |0 (DE-576)200743295 
936 r v |a NV 2625  |b Bonifatius VIII. 1294-1303  |k Geschichte  |k Religions- und Kirchengeschichte  |k Geschichte der katholischen Kirche  |k Geschichte des Papsttums  |k Einzelne Päpste  |k Bonifatius VIII. 1294-1303  |0 (DE-627)1271638126  |0 (DE-625)rvk/131763:  |0 (DE-576)201638126 
936 r v |a NM 7260  |b Kirchengeschichte, Geistes- und Kulturgeschichte  |k Geschichte  |k Geschichte des Mittelalters  |k Abendländische Geschichte im Mittelalter nach Zeitabschnitten  |k Spätmittelalter (1250 - 1519)  |k Kirchengeschichte, Geistes- und Kulturgeschichte  |0 (DE-627)1271462583  |0 (DE-625)rvk/126406:  |0 (DE-576)201462583 
936 r v |a BO 4800  |b Zusammenfassende und allgemeine Darstellungen  |k Theologie und Religionswissenschaften  |k Patrologie und Kirchengeschichte  |k Kirchengeschichte nach Perioden  |k Geschichte der Kirche im Mittelalter  |k Darstellungen  |k Mitte des 12. Jahrhunderts - Bonifaz VIII. (1150-1303)  |k Zusammenfassende und allgemeine Darstellungen  |0 (DE-627)1270747568  |0 (DE-625)rvk/14489:  |0 (DE-576)200747568 
936 s n |a n100  |2 mzub 
936 s n |a b100  |2 mzub 
951 |a MC 
ELC |b 1 
ITA |a 1  |t 1 
LOK |0 000 xxxxxcx a22 zn 4500 
LOK |0 001 2847113622 
LOK |0 003 DE-627 
LOK |0 004 1499645678 
LOK |0 005 20150626073702 
LOK |0 008 150626||||||||||||||||ger||||||| 
LOK |0 040   |a DE-21  |c DE-627  |d DE-21 
LOK |0 852   |a DE-21 
LOK |0 852 1  |9 00 
LOK |0 935   |a theo 
LOK |0 939   |a 26-06-15  |b l01 
LOK |0 000 xxxxxcx a22 zn 4500 
LOK |0 001 2858238812 
LOK |0 003 DE-627 
LOK |0 004 1499645678 
LOK |0 005 20150724121521 
LOK |0 008 150724||||||||||||||||ger||||||| 
LOK |0 040   |a DE-21-35  |c DE-627  |d DE-21-35 
LOK |0 852   |a DE-21-35 
LOK |0 852 1  |c Ke 2.00-43  |m p  |9 00 
LOK |0 938   |a 1507  |f K6 
LOK |0 938   |k p 
LOK |0 939   |a 24-07-15  |b l01 
LOK |0 000 xxxxxcx a22 zn 4500 
LOK |0 001 2861813644 
LOK |0 003 DE-627 
LOK |0 004 1499645678 
LOK |0 005 20150827112355 
LOK |0 008 150827||||||||||||||||ger||||||| 
LOK |0 040   |a DE-21-32b  |c DE-627  |d DE-21-32b 
LOK |0 852   |a DE-21-32b 
LOK |0 852 1  |m p  |9 00 
LOK |0 938   |k p 
LOK |0 939   |a 27-08-15  |b l01 
ORI |a TA-MARC-ixtheoa001.raw 
REF |a Papstgeschichte 
REL |a 1 
SPR |a 1  |t IXT 
STA 0 0 |a Pope,Pope,Papacy,Popes 
STB 0 0 |a Pape,Pape,Papes 
STC 0 0 |a Papa,Papa 
STD 0 0 |a Papa,Papa,Papato 
STE 0 0 |a 教宗,教宗,教皇,教皇 
STF 0 0 |a 教宗,教宗,教皇,教皇 
STG 0 0 |a Papa,Papa 
STH 0 0 |a Папа римский (мотив),Папа римский 
STI 0 0 |a Πάπας (μοτίβο),Πάπας 
SUB |a REL 
SYA 0 0 |a Bonifatius,VIII.,Papa,1230-1303,Bonifaz,VIII.,Papst,1230-1303,Caetani, Benedetto,1230-1303,Benedictus,Caetani,1230-1303,Benoît,Cajetan,1230-1303,Boniface,VIII.,Pape,1230-1303,Bonifacio,VIII.,Papa,1230-1303,Bonifacius,VIII.,Papa,1230-1303,Bonifacy,VIII.,Papiez,1230-1303,Caetani, Benedictus,1230-1303,Gaetani, Benedetto,1230-1303,Gaetano, Benedetto,1230-1303,Bonifaz,VIII,Papst,1230-1303,Bonifacio,VIII,Papst,1230-1303,Benedetto,Caetani,1230-1303,Bonifatius,VIII,Papst,1230-1303,Bonifacius,VIII,Papst,1230-1303,Boniface,VIII,Papst,1230-1303,Bonifatius,VIII,Papa,1230-1303,Bonifacius,VIIII.,Papa,1230-1303,Bonifatius,VIIII.,Papa,1230-1303,Bonifaz,VIII.,Papst,1230-1303,Bonifatius,VIII.,Papa,1230-1303,Bonifacio,VIII,1230-1303,Boniface,VIII,1230-1303,Bennoît,Cajetan,1230-1303,Benedetto,Gaetani,1230-1303 
SYE 0 0 |a Papstdarstellung,Bischof von Rom,Päpste,Papsttum,Papa 
SYG 0 0 |a Bonifatius,VIII.,Papa,1230-1303,Bonifaz,VIII.,Papst,1230-1303,Caetani, Benedetto,1230-1303,Benedictus,Caetani,1230-1303,Benoît,Cajetan,1230-1303,Boniface,VIII.,Pape,1230-1303,Bonifacio,VIII.,Papa,1230-1303,Bonifacius,VIII.,Papa,1230-1303,Bonifacy,VIII.,Papiez,1230-1303,Caetani, Benedictus,1230-1303,Gaetani, Benedetto,1230-1303,Gaetano, Benedetto,1230-1303,Bonifaz,VIII,Papst,1230-1303,Bonifacio,VIII,Papst,1230-1303,Benedetto,Caetani,1230-1303,Bonifatius,VIII,Papst,1230-1303,Bonifacius,VIII,Papst,1230-1303,Boniface,VIII,Papst,1230-1303,Bonifatius,VIII,Papa,1230-1303,Bonifacius,VIIII.,Papa,1230-1303,Bonifatius,VIIII.,Papa,1230-1303,Bonifaz,VIII.,Papst,1230-1303,Bonifatius,VIII.,Papa,1230-1303,Bonifacio,VIII,1230-1303,Boniface,VIII,1230-1303,Bennoît,Cajetan,1230-1303,Benedetto,Gaetani,1230-1303 , Papstdarstellung,Bischof von Rom,Päpste,Papsttum,Papa 
TIM |a 100012940101_100013031231  |b Geschichte 1294-1303